Neighbouring Countries without letter A - Statistics

General Stats
  • This quiz has been taken 71 times
  • The average score is 12 of 14
Answer Stats
Country % Correct
Belize
94%
Benin
94%
Benin
94%
Mexico
94%
Togo
94%
Chile
91%
Peru
91%
Niger
89%
Belgium
85%
Luxembourg
85%
Turkey
78%
Kosovo
76%
Montenegro
76%
Greece
74%
No matching quizzes found
Score Distribution
Percent of People with Each Score
Percentile by Number Answered
Your Score History
You have not taken this quiz